000
00292nam a22001337a 4500
008
170522b xxu||||| |||| 00| 0 eng d
020
_a
1558963804
041
_a
eng
080
_a
94 EME
100
_a
16
101
_a
SHH
245
_a
STANDING BEFORE US
_c
EMERSON , D.M
942
_2
udc
_c
BK
999
_c
13768
_d
13768